| 000 | 00370nam a2200133Ia 4500 | ||
|---|---|---|---|
| 005 | 20251222144757.0 | ||
| 008 | 251222s9999||||xx |||||||||||||| ||spa|| | ||
| 082 | _a658.409/C83 | ||
| 100 | _aCossio de Vivanco, José Luís de | ||
| 245 | 0 | _aPersonalidad y Conciencia Gerencial en la Organización | |
| 250 | _a3a.ed. | ||
| 264 | _bGráfica Interamericana | ||
| 942 | _cLIB | ||
| 999 |
_c19555 _d19555 |
||